000 01108cam a2200277 a 4500
001 000012025
003 DO-SdBNP
005 20250401150128.0
008 030305s2002 pr b 001 0 spa
035 _a(OCoLC)ocm51788745
040 _aDO-SdBNP
_bspa
_cPBR
_dDLC
_dBNPHU
043 _anwpr---
049 _aBNGR
082 _a398.097295
_bS487r
100 1 _aSerra Deliz, Wenceslao,
_d1941-
_914203
245 1 3 _aEl refranero puertorriqueño :
_bhistoria e ideología /
_cWenceslao Serra Deliz ; prólogo Eliezer Narváez Santos.
260 _aPonce, Puerto Rico :
_bCentro de Investigaciones Folklóricas de Puerto Rico, Casa Paoli,
_c2002.
300 _a155 p. ;
_c22 cm.
500 _a"Esta publicación es parte del proyecto Seminario para la Recolección del Folklore de Puerto Rico - Banco Nacional de la Memoria."
504 _aIncluye referencias bibliográficas.
650 0 _aFolclore
_zPuerto Rico
_933448
650 4 _aProverbios y refranes puertorriqueños
_928438
700 1 _aNarváez Santos, Eliezer,
_epról.
_928439
910 _aCatalogación por copia / LC
942 _2ddc
_cLBS1
999 _c11693
_d11693